San Antonio Spurs Top 10 Leaders - Statistics

General Stats
  • This quiz has been taken 2,226 times
    777 since last reset
  • The average score is 11 of 26
Answer Stats
Player % Correct
Tim Duncan
99%
Tony Parker
98%
Manu Ginobili
97%
David Robinson
94%
Kawhi Leonard
89%
George Gervin
82%
Victor Wembanyama
71%
LaMarcus Aldridge
58%
Avery Johnson
50%
George Johnson
49%
Bruce Bowen
46%
Danny Green
45%
Alvin Robertson
31%
Sean Elliott
30%
Artis Gilmore
29%
Patty Mills
28%
Rich Jones
20%
Jakob Poeltl
13%
Matt Bonner
13%
James Silas
12%
Johnny Moore
12%
Larry Kenon
12%
Mike Mitchell
8%
Billy Paultz
4%
John Beasley
2%
Mike Gale
1%
No matching quizzes found
Score Distribution
Percent of People with Each Score
Percentile by Number Answered
Your Score History
You have not taken this quiz since the last reset